00365nam a2200145Ia 4500008004100000020001800041041000800059082001800067100001400085245003000099260003000129300000900159365001600168700003500184230714s9999 xx 000 0 und d a9790000000000 aeng a621.39'5bSAR aSarkar A. aVLSI Design And EDA Tools c2011bScitech Publication a1318 cRs.b750.00 aSarkar A.; De S. & Sarkar C.K.